|
|
|
|
| LEADER |
00000nab a2200000 a 4500 |
| 001 |
vtls010116019 |
| 003 |
SK-MaSNL |
| 005 |
20260426091816.0 |
| 008 |
250708c2010 xo |r||||||||||00 b|slo |
| 015 |
|
|
|a SNBRB2010/07
|2 snkbucl
|
| 035 |
|
|
|a (uuid)9f1d41b5-c860-4e63-9010-836f1814d751
|
| 035 |
|
|
|a urn:nbn:sk:snk-ab16jv
|
| 035 |
|
|
|a (urnnbn)urn:nbn:sk:snk:ar-a03cmc
|
| 038 |
|
|
|a SNKBUCL
|
| 040 |
|
|
|a SNKBUCL
|b slo
|c SNKBUCL
|e AACR2
|
| 041 |
0 |
|
|a slo
|
| 044 |
|
|
|a xo
|c SK
|
| 080 |
|
|
|a 929.7-055.2
|x (437.6)
|x "15/16"
|x (048.8)
|2 2001
|
| 080 |
|
|
|a 343.1
|2 2001
|
| 080 |
|
|
|a 94(439)-051
|x (048.8)
|2 2001
|
| 080 |
|
|
|a 94(437.6)-051
|2 2001
|
| 080 |
|
|
|a 929 Bátoriová, Alžbeta
|2 2001
|
| 100 |
1 |
|
|a Botíková, Marta,
|d 1955-
|4 aut
|9 224412
|
| 245 |
1 |
0 |
|a Lengyelová, T. - Várkonyi, G.: Báthory. Život a smrť
|c Marta Botíková
|
| 600 |
1 |
7 |
|a Bátoriová, Alžbeta,
|d 1560-1614
|2 snkbucl
|9 229199
|
| 648 |
|
7 |
|a 16.-17. stor.
|2 snkbucl
|9 297384
|
| 650 |
0 |
7 |
|a šľachtičné
|2 snkbucl
|9 89419
|
| 650 |
0 |
7 |
|a súdne prípady
|2 snkbucl
|9 4522
|
| 650 |
0 |
7 |
|a monografie
|2 snkbucl
|9 256509
|
| 651 |
|
7 |
|a Slovensko
|2 snkbucl
|9 14231
|
| 651 |
|
7 |
|a Uhorsko
|2 snkbucl
|9 28673
|
| 655 |
|
7 |
|a recenzie
|2 snkbucl
|9 21907
|
| 773 |
0 |
|
|t Slovenský národopis
|g Roč. 58, č. 1 (2010), s. 106-107
|x 1335-1303
|
| 787 |
0 |
8 |
|i Rec.:
|a Lengyelová, Tünde, 1960-
|t Báthory : život a smrť
|d Praha : Ottovo nakladatelství, 2009
|z 9788073608446
|
| 787 |
0 |
8 |
|i Rec.:
|a Várkonyi, Gábor, 1962-
|t Báthory : život a smrť
|d Praha : Ottovo nakladatelství, 2009
|z 9788073608446
|
| 850 |
|
|
|a Slovenská národná knižnica
|
| 852 |
|
|
|a Slovenská národná knižnica
|
| 954 |
|
|
|a odborná, vedecká literatúra pôvodná (slovenská)
|2 lita
|
| 958 |
|
|
|a article27
|
| 958 |
|
|
|a RC
|
| 958 |
|
|
|a OND
|
| 958 |
|
|
|a EUIPO
|
| 999 |
|
|
|c 3036367
|d 3038297
|